00572nam a2200217Ia 450000500170000000800410001702000150005808200210007324500310009426000390012526000490016430000160021365000100022965000180023965000110025765000130026865000130028170000190029470000200031370000210033320250122053044.0240331s9999 xx 000 0 und d a0631178317 bFRA21092a305.4 0aEthics:bA Feminist Reader aOxfordbBlackwell Publishersc1992 aMassachusetts bThree Cambridge Centerc1992 axi, 500 p., aWomen aBirth Control aGender aFeminism aMorality aFrazer, Eeedt aHornsby, Jeedt aLovibond, Seedt